| 000 | 00719nam a2200253Ia 4500 | ||
|---|---|---|---|
| 008 | 160319s9999 xx 000 0 und d | ||
| 020 | _a971-584-422-7 | ||
| 050 | _aFIL RT 13 | ||
| 050 | _b.P5V46 2005 | ||
| 100 | _aVenzon, Lydia M. | ||
| 245 | _aProfessional nursing in the Philippines / | ||
| 245 | _cLydia M. Venzon, Ronald M. Venzon. | ||
| 250 | _a10th Edition | ||
| 260 | _aQuezon City: | ||
| 260 | _bC & E Pub. Inc., | ||
| 260 | _c2005 | ||
| 300 | _a456 pages : | ||
| 300 | _billustrations ; | ||
| 300 | _c22 cm. | ||
| 500 | _aIncludes index. | ||
| 650 | _aNursing -- Philippines. | ||
| 650 | _aNursing -- Practice -- Philippines. | ||
| 650 | _xNursing -- Study and teaching -- Philippines. | ||
| 999 |
_c291927 _d291927 |
||